| 000 | 00813nam a2200265 a 4500 | ||
|---|---|---|---|
| 001 | BRL_1333 | ||
| 005 | 20190320211143.0 | ||
| 008 | 070114s1950----mx-a######---#000-0#spa-# | ||
| 041 | _aspa | ||
| 044 | _amx | ||
| 050 | 4 |
_aF1219.3.C75 _b.S65 1950 |
|
| 100 | 1 |
_aSolier, Du Wilfrido _926556 |
|
| 245 | 1 | 0 |
_aIndumentaria antigua mexicana _cW. Du Solier ; prólogo de M. Toussaint. |
| 260 |
_aMéxico _bEdiciones Mexicanas _c1950 |
||
| 300 |
_a110 p. _bil. _c30 cm. |
||
| 500 | _aAu1585 | ||
| 500 | _aEstado físico: camisa desgarrada | ||
| 504 | _aBibliografía: p. 107-110 | ||
| 650 | 1 | 4 |
_aIndumentaria indígena _zMéxico _926557 |
| 650 | 1 | 4 |
_aPrendas de vestir _zMéxico _924774 |
| 650 | 1 | 4 |
_aIndígenas de México _xRopa _926509 |
| 700 | 1 |
_aToussaint, M. _epról. _926558 |
|
| 902 | _aGRL | ||
| 942 |
_2lcc _cB |
||
| 999 |
_c10145 _d10145 |
||